[Event "Rio de Janeiro Salamon Memorial"]
[Site "Rio de Janeiro"]
[Date "2016.06.24"]
[Round "2.21"]
[White "Sena Moura, Danielle"]
[Black "Paiva, Paulo Ricardo Gonca"]
[Result "1/2-1/2"]
[WhiteElo "1836"]
[BlackElo "1534"]
[PlyCount "82"]
[EventDate "2016.06.24"]
[EventType "swiss"]
[EventRounds "6"]
[EventCountry "BRA"]
[SourceTitle "EXT 2022"]
[Source "ChessBase"]
[SourceDate "2021.10.06"]
[SourceVersion "1"]
[SourceVersionDate "2021.10.06"]
[SourceQuality "1"]

1. d4 d5 2. c4 c6 3. Nc3 Nf6 4. Nf3 dxc4 5. a4 Bf5 6. e3 e6 7. Bxc4 Bb4 8. 0-0 Nbd7 9. Qb3 Qa5 10. Na2 Be7 11. Qxb7 Rb8 12. Qa6 Qc7 13. Bd3 Bg6 14. b4 Bxb4 15. Nxb4 Rxb4 16. Ba3 Rb3 17. Bxg6 hxg6 18. Bd6 Rb6 19. Bxc7 Rxa6 20. Rfc1 0-0 21. Rc4 Rc8 22. Bf4 Nb6 23. Rc2 Rxa4 24. Rxa4 Nxa4 25. Ra2 Nc3 26. Rxa7 Ne2+ 27. Kf1 Nxf4 28. exf4 Nd5 29. Ne5 f6 30. Nxg6 Kh7 31. Ne7 Rd8 32. Nxc6 Rc8 33. Ne7 Rc1+ 34. Ke2 Nxf4+ 35. Kf3 Nd3 36. Ke3 Nb4 37. Ra5 Kh6 38. g4 g6 39. Ra7 Rc3+ 40. Kd2 Rd3+ 41. Ke2 Rxd4 1/2-1/2

[Event "BRA-ch Amateur"]
[Site "Sao Paulo"]
[Date "2015.04.01"]
[Round "2"]
[White "Rodrigues, Julliano de Araujo"]
[Black "Paiva, Paulo Ricardo Gonca"]
[Result "1-0"]
[WhiteElo "1808"]
[BlackElo "1513"]
[PlyCount "73"]
[EventDate "2015.04.30"]
[EventType "swiss"]
[EventRounds "7"]
[EventCountry "BRA"]
[SourceTitle "EXT 2022"]
[Source "ChessBase"]
[SourceDate "2021.10.06"]
[SourceVersion "1"]
[SourceVersionDate "2021.10.06"]
[SourceQuality "1"]

1. e4 c5 2. Nf3 d6 3. d4 cxd4 4. Nxd4 Nf6 5. Nc3 a6 6. Be3 e5 7. Nb3 b5 8. Bd3 Bb7 9. f3 b4 10. Ne2 Nbd7 11. 0-0 Be7 12. c3 d5 13. exd5 Nxd5 14. Bf2 Bg5 15. cxb4 Nxb4 16. Bf5 Nf6 17. Nc5 Bc6 18. Qb3 Nbd5 19. Rad1 Rb8 20. Qa3 Bb5 21. Rfe1 0-0 22. Nc3 Bc6 23. Rxe5 Bf4 24. Ree1 Re8 25. Be4 Qb6 26. Nd7 Qxb2 27. Qxb2 Rxb2 28. Nxf6+ Nxf6 29. Bxc6 Rc8 30. Nd5 Nxd5 31. Bxd5 h6 32. Bb3 Bg5 33. Bd4 Rd2 34. Rxd2 Bxd2 35. Re7 Rf8 36. Bc5 a5 37. Rd7 1-0

[Event "BRA-ch Amateur"]
[Site "Sao Paulo"]
[Date "2014.03.01"]
[Round "1"]
[White "Paiva, Paulo Ricardo Gonca"]
[Black "Goncalves, Leonardo Yamamoto"]
[Result "0-1"]
[WhiteElo "1506"]
[BlackElo "1936"]
[PlyCount "42"]
[EventDate "2014.03.01"]
[EventType "swiss"]
[EventRounds "7"]
[EventCountry "BRA"]
[SourceTitle "EXT 2016"]
[Source "ChessBase"]
[SourceDate "2015.10.08"]
[SourceVersion "1"]
[SourceVersionDate "2015.10.08"]
[SourceQuality "1"]

1. e4 c5 2. Nf3 g6 3. d4 cxd4 4. Nxd4 Nc6 5. b3 Nf6 6. Bb2 Bg7 7. Nc3 Qa5 8. Bc4 0-0 9. 0-0 Nxd4 10. Qxd4 Ng4 11. Qd3 Ne5 12. Qe2 Nxc4 13. Qxc4 b5 14. Qd3 b4 15. Na4 Ba6 16. Qxd7 Bxb2 17. Nxb2 Bxf1 18. Kxf1 Qe5 19. Rb1 Rfd8 20. Qh3 Qxe4 21. Re1 Qxc2 0-1

[Event "Porto Alegre Oncolinos op"]
[Site "Porto Alegre"]
[Date "2013.11.17"]
[Round "6"]
[White "Paiva, Paulo Ricardo Gonca"]
[Black "Stapenhorst, Matheus Frederico"]
[Result "0-1"]
[WhiteElo "1510"]
[BlackElo "1790"]
[PlyCount "90"]
[EventDate "2013.11.14"]
[EventType "swiss"]
[EventRounds "7"]
[EventCountry "BRA"]
[SourceTitle "EXT 2015"]
[Source "ChessBase"]
[SourceDate "2014.11.20"]
[SourceVersion "1"]
[SourceVersionDate "2014.11.20"]
[SourceQuality "1"]

1. d4 Nf6 2. c4 g6 3. Nc3 Bg7 4. e4 d6 5. Bg5 0-0 6. Nf3 c5 7. d5 Nbd7 8. Be2 b5 9. cxb5 a6 10. Qd2 axb5 11. Bxb5 Ba6 12. Bxa6 Rxa6 13. Bh6 Qa5 14. Bxg7 Kxg7 15. 0-0 Qb4 16. Rfe1 Nb6 17. b3 Rfa8 18. e5 Nfxd5 19. Nxd5 Qxd2 20. Nxd2 Nxd5 21. exd6 exd6 22. a4 Nf4 23. Red1 Ne2+ 24. Kf1 Nd4 25. Rac1 Rb8 26. Rb1 Kf8 27. f4 Ke7 28. Kf2 Rb4 29. Re1+ Kd7 30. Re3 d5 31. Rd3 Rf6 32. Kg3 Ne2+ 33. Kg4 Nxf4 34. Rf3 Rf5 35. Rd1 Ne2+ 36. Nc4 Kc6 37. Rxf5 gxf5+ 38. Kxf5 dxc4 39. bxc4 Rxa4 40. Rd8 Rxc4 41. Kf6 Rf4+ 42. Ke7 f5 43. Rd2 Rf2 44. Rc2 Kb5 45. Kf8 Kb4 0-1

[Event "Santa Maria op"]
[Site "Santa Maria de Jetiba"]
[Date "2013.07.??"]
[Round "2"]
[White "Da Silva Borges, Rodrigo"]
[Black "Paiva, Paulo Ricardo Gonca"]
[Result "1-0"]
[WhiteElo "2244"]
[BlackElo "1518"]
[PlyCount "33"]
[EventDate "2013.07.??"]
[EventType "swiss"]
[EventRounds "7"]
[EventCountry "BRA"]
[SourceTitle "EXT 2022"]
[Source "ChessBase"]
[SourceDate "2021.10.06"]
[SourceVersion "1"]
[SourceVersionDate "2021.10.06"]
[SourceQuality "1"]

1. e4 c5 2. Nf3 e6 3. d4 cxd4 4. Nxd4 Nc6 5. Nc3 Bb4 6. Nxc6 bxc6 7. Qd4 Bxc3+ 8. Qxc3 f6 9. h4 e5 10. Be3 Ne7 11. 0-0-0 a5 12. Bc5 Ba6 13. Bxa6 Rxa6 14. h5 Qc8 15. h6 g6 16. Rd6 f5 17. Qxe5 1-0

[Event "Recife Arraes Memorial 6th"]
[Site "Recife"]
[Date "2013.06.08"]
[Round "4"]
[White "Paiva, Paulo Ricardo Gonca"]
[Black "Macedo, Alexandre Soares"]
[Result "0-1"]
[WhiteElo "1519"]
[BlackElo "1850"]
[PlyCount "66"]
[EventDate "2013.06.06"]
[EventType "swiss"]
[EventRounds "7"]
[EventCountry "BRA"]
[SourceTitle "EXT 2014"]
[Source "ChessBase"]
[SourceDate "2013.11.20"]
[SourceVersion "1"]
[SourceVersionDate "2013.11.20"]
[SourceQuality "1"]

1. e4 c6 2. d4 d5 3. e5 Bf5 4. Nf3 h6 5. Bd3 Bxd3 6. Qxd3 e6 7. Nc3 Nd7 8. 0-0 a6 9. a4 c5 10. b3 cxd4 11. Qxd4 Qc7 12. Ba3 Ne7 13. Bd6 Qc6 14. Rfe1 Nf5 15. Qd3 Rc8 16. Ne2 Nxd6 17. exd6 Qxd6 18. Ned4 Nc5 19. Qe3 Be7 20. b4 Ne4 21. b5 0-0 22. bxa6 bxa6 23. a5 Bf6 24. Rab1 Rb8 25. Rbd1 Rfc8 26. Ne2 Nc3 27. Rd3 Nxe2+ 28. Qxe2 Rb2 29. Rc1 Qb4 30. Qd2 Bc3 31. Rxc3 Qxc3 32. Qxc3 Rxc3 33. Ne1 Ra2 0-1

[Event "Recife Arraes Memorial 6th"]
[Site "Recife"]
[Date "2013.06.07"]
[Round "2"]
[White "De Arruda, Filho Ivo Pereira"]
[Black "Paiva, Paulo Ricardo Gonca"]
[Result "1-0"]
[WhiteElo "1797"]
[BlackElo "1519"]
[PlyCount "43"]
[EventDate "2013.06.06"]
[EventType "swiss"]
[EventRounds "7"]
[EventCountry "BRA"]
[SourceTitle "EXT 2014"]
[Source "ChessBase"]
[SourceDate "2013.11.20"]
[SourceVersion "1"]
[SourceVersionDate "2013.11.20"]
[SourceQuality "1"]

1. Nf3 d5 2. d4 Bg4 3. Nbd2 e6 4. e3 c5 5. c3 Nf6 6. Bb5+ Nbd7 7. Qa4 c4 8. Ne5 a6 9. Bxd7+ Nxd7 10. Nxg4 Bd6 11. Nf3 f6 12. h3 b5 13. Qc2 h5 14. Ngh2 e5 15. dxe5 Bxe5 16. Nxe5 Nxe5 17. 0-0 Nc6 18. Nf3 Ne5 19. e4 0-0 20. Be3 Re8 21. Rad1 Qe7 22. exd5 1-0

[Event "Fortaleza Alves memorial 17th"]
[Site "Fortaleza"]
[Date "2013.05.17"]
[Round "2"]
[White "Paiva, Paulo Ricardo Gonca"]
[Black "Lennon, Aleister Edward Ale"]
[Result "0-1"]
[WhiteElo "1500"]
[BlackElo "1998"]
[PlyCount "108"]
[EventDate "2013.05.17"]
[EventType "swiss"]
[EventRounds "6"]
[EventCountry "BRA"]
[SourceTitle "CBM 154 Extra"]
[Source "ChessBase"]
[SourceDate "2013.06.25"]
[SourceVersion "2"]
[SourceVersionDate "2013.06.25"]
[SourceQuality "1"]

1. e4 e5 2. Nf3 Nc6 3. Bc4 Bc5 4. Nc3 Nf6 5. d3 d6 6. Bg5 h6 7. Bxf6 Qxf6 8. Nd5 Qd8 9. c3 Bg4 10. h3 Bh5 11. g4 Bg6 12. b4 Bb6 13. b5 Na5 14. Qa4 0-0 15. h4 c6 16. Nxb6 axb6 17. bxc6 bxc6 18. Nd2 b5 19. Bxb5 cxb5 20. Qxb5 Rb8 21. Qd5 Qc7 22. c4 Nc6 23. c5 Nb4 24. Qc4 Qxc5 25. Ke2 Qxc4 26. Nxc4 Rfd8 27. Rab1 d5 28. Nxe5 dxe4 29. d4 Nxa2 30. Rxb8 Rxb8 31. Ra1 Nc3+ 32. Kd2 Nd5 33. Ra7 h5 34. Rd7 e3+ 35. fxe3 Rb2+ 36. Kc1 Rc2+ 37. Kd1 Nxe3+ 38. Ke1 Nxg4 39. Rd8+ Kh7 40. Nf3 f6 41. d5 Rc3 42. Nd4 Rd3 43. Ne6 Bf7 44. Nf4 Rd4 45. Ne2 Rxd5 46. Rxd5 Bxd5 47. Nf4 Bf7 48. Ke2 g5 49. hxg5 fxg5 50. Nh3 Kg6 51. Kf3 Bd5+ 52. Ke2 Kf5 53. Kd3 h4 54. Kd4 Bg2 0-1

[Event "Joao Pessoa op 4th"]
[Site "Joao Pessoa"]
[Date "2013.03.17"]
[Round "6"]
[White "Paiva, Paulo Ricardo Gonca"]
[Black "De Arruda, Filho Ivo Pereira"]
[Result "0-1"]
[WhiteElo "1497"]
[BlackElo "1797"]
[PlyCount "112"]
[EventDate "2013.03.15"]
[EventType "swiss"]
[EventRounds "6"]
[EventCountry "BRA"]
[SourceTitle "CBM 153 Extra"]
[Source "ChessBase"]
[SourceDate "2013.04.22"]
[SourceVersion "1"]
[SourceVersionDate "2013.04.22"]
[SourceQuality "1"]

1. e4 c6 2. d4 d5 3. Nc3 dxe4 4. Nxe4 Nf6 5. Nxf6+ exf6 6. Nf3 Bd6 7. Be2 Be6 8. 0-0 0-0 9. c4 Nd7 10. c5 Bc7 11. Qc2 Re8 12. Bd3 Nf8 13. Be3 Qd5 14. Be2 Ng6 15. g3 Bf5 16. Qc4 Qe4 17. Nd2 Qe7 18. Rfe1 Be6 19. Qc2 f5 20. f4 Bxa2 21. Bh5 Be6 22. Bf2 Qd7 23. Bxg6 fxg6 24. Nf3 Bd5 25. Qd3 Bxf3 26. Qxf3 Kf8 27. Qb3 Rxe1+ 28. Rxe1 Bd8 29. Qb4 Bf6 30. Rd1 Be7 31. Qb3 Rb8 32. d5 cxd5 33. Rxd5 Qc6 34. Qd3 Rc8 35. Bd4 b6 36. b4 bxc5 37. Bxc5 Qe6 38. Rd8+ Rxd8 39. Qxd8+ Kf7 40. Qc7 a6 41. Kf2 Qa2+ 42. Kg1 Qb1+ 43. Kg2 Qe4+ 44. Kh3 Qe2 45. Qb7 Qf1+ 46. Qg2 Qxg2+ 47. Kxg2 Bxc5 48. bxc5 Ke7 49. Kf2 Kd7 50. Ke3 Kc6 51. Kd4 a5 52. Kc4 a4 53. Kb4 a3 54. Kxa3 Kxc5 55. Kb3 Kd4 56. Kc2 Ke3 0-1

[Event "Serra Talhada op"]
[Site "Serra Talhada"]
[Date "2012.11.17"]
[Round "5"]
[White "Paiva, Paulo Ricardo Gonca"]
[Black "Monte, Edmar Ferreira"]
[Result "0-1"]
[WhiteElo "1468"]
[BlackElo "1726"]
[PlyCount "166"]
[EventDate "2012.11.15"]
[EventType "swiss"]
[EventRounds "7"]
[EventCountry "BRA"]
[SourceTitle "CBM 151 Extra"]
[Source "ChessBase"]
[SourceDate "2012.12.18"]
[SourceVersion "1"]
[SourceVersionDate "2012.12.18"]
[SourceQuality "1"]

1. e4 e6 2. d4 d5 3. e5 c5 4. c3 Nc6 5. Nf3 Bd7 6. Be2 Qb6 7. a3 cxd4 8. cxd4 Nge7 9. b4 Nf5 10. Bb2 Rc8 11. g4 Nfe7 12. Nc3 a6 13. 0-0 Na7 14. Na4 Bxa4 15. Qxa4+ Nb5 16. Bxb5+ axb5 17. Qd1 Ng6 18. Rc1 Rc6 19. Qd2 Be7 20. Rxc6 bxc6 21. Rc1 0-0 22. Rc3 Rc8 23. Qc1 Nh4 24. h3 Ng6 25. g5 Bf8 26. Rc2 Ne7 27. Nd2 Nf5 28. Nb3 g6 29. Na5 Ne7 30. Nb3 Nf5 31. Nc5 Bxc5 32. Rxc5 Qa6 33. Qf4 Qa4 34. Qc1 Qb3 35. Rc3 Qa4 36. Rc5 Ne7 37. Kg2 Rc7 38. h4 Qb3 39. Rc3 Qa4 40. Rh3 Qa7 41. h5 Nf5 42. Qf4 Qa4 43. Qd2 Qa8 44. Qc2 Qd8 45. Qd2 Ne7 46. Qf4 Nc8 47. Rf3 Nb6 48. Rc3 Nc4 49. Qc1 Nxb2 50. Qxb2 Qxg5+ 51. Kf1 Qxh5 52. Qc2 Qh1+ 53. Ke2 Qe4+ 54. Qxe4 dxe4 55. Ke3 Kg7 56. Kxe4 h5 57. Kf3 f6 58. exf6+ Kxf6 59. Kg3 Kf5 60. f4 Ke4 61. Rc5 Kxd4 62. Kh4 Rf7 63. Kg5 Rf5+ 64. Kxg6 Rxc5 65. bxc5 Ke4 66. Kf6 h4 67. Kxe6 h3 68. f5 h2 69. f6 h1Q 70. f7 Qh3+ 71. Ke7 Qf5 72. f8Q Qxf8+ 73. Kxf8 Kd5 74. Ke7 Kxc5 75. Kd7 Kd5 76. Kc7 Kc5 77. Kb7 Kd5 78. Kb6 Kd6 79. Ka5 Kc5 80. Ka6 b4 81. a4 b3 82. a5 b2 83. Kb7 b1Q+ 0-1

[Event "Serra Talhada op"]
[Site "Serra Talhada"]
[Date "2012.11.15"]
[Round "1"]
[White "Paiva, Paulo Ricardo Gonca"]
[Black "Torres, Douglas da Silva"]
[Result "0-1"]
[WhiteElo "1468"]
[BlackElo "2101"]
[PlyCount "68"]
[EventDate "2012.11.15"]
[EventType "swiss"]
[EventRounds "7"]
[EventCountry "BRA"]
[SourceTitle "CBM 151 Extra"]
[Source "ChessBase"]
[SourceDate "2012.12.18"]
[SourceVersion "1"]
[SourceVersionDate "2012.12.18"]
[SourceQuality "1"]

1. e4 Nf6 2. Nc3 d6 3. d4 c6 4. Bg5 Qc7 5. Bxf6 gxf6 6. Qd2 h5 7. f4 Bh6 8. Nge2 b5 9. a3 Bd7 10. h4 Rg8 11. g3 e5 12. Bh3 Qb6 13. Rd1 exf4 14. gxf4 Be6 15. d5 Bxh3 16. Rxh3 Rg1+ 17. Nxg1 Qxg1+ 18. Ke2 Qg2+ 19. Ke1 Qxh3 20. dxc6 Qg3+ 21. Qf2 Qxf2+ 22. Kxf2 Nxc6 23. Rxd6 Rc8 24. Rxf6 Bg7 25. Rf5 b4 26. Nb5 Ke7 27. e5 Nd8 28. Rxh5 Rxc2+ 29. Ke3 Rxb2 30. axb4 Rxb4 31. Nd4 a5 32. Nf5+ Kf8 33. Rh7 Ne6 34. h5 Kg8 0-1

[Event "Carvalho Memorial op"]
[Site "Juazeiro do Norte"]
[Date "2012.10.12"]
[Round "2"]
[White "Da Silva, Antonio Dutra"]
[Black "Paiva, Paulo Ricardo Gonca"]
[Result "1-0"]
[WhiteElo "1759"]
[BlackElo "1873"]
[PlyCount "97"]
[EventDate "2012.10.12"]
[EventType "swiss"]
[EventRounds "6"]
[EventCountry "BRA"]
[SourceTitle "EXT 2013"]
[Source "ChessBase"]
[SourceDate "2012.11.22"]
[SourceVersion "1"]
[SourceVersionDate "2012.11.22"]
[SourceQuality "1"]

1. d4 Nf6 2. c4 e6 3. Nf3 b6 4. g3 Bb7 5. Bg2 Bd6 6. Nc3 c5 7. 0-0 a6 8. Re1 0-0 9. e4 cxd4 10. Nxd4 Bc5 11. Bg5 e5 12. Nf5 Nc6 13. Bxf6 Qxf6 14. Nd5 Qd8 15. Qg4 g6 16. Nh4 Nd4 17. Rac1 Bxd5 18. cxd5 Nb5 19. a3 a5 20. Bh3 d6 21. Bf1 Nc7 22. Rc2 Ne8 23. Rec1 Nf6 24. Qe2 Nh5 25. Qg4 Nf6 26. Qf3 h5 27. Bh3 Nh7 28. Qe2 Ng5 29. Bg2 Qf6 30. Rf1 Rac8 31. Kh1 Qe7 32. f4 exf4 33. Rxf4 Bd4 34. Rc6 Rxc6 35. dxc6 Be5 36. Rf1 Rc8 37. Rc1 Ne6 38. Qc4 Bxb2 39. Rc2 Bxa3 40. Bh3 Bc5 41. Nxg6 Qf6 42. Nf4 Nd4 43. Bxc8 Nxc2 44. Qxc2 Qa1+ 45. Kg2 h4 46. Kh3 hxg3 47. Qg2 Qh8+ 48. Kxg3 Qg7+ 49. Kf3 1-0